00458nam a2200181 450000100090000000500170000900800410002602000180006708200160008510000130010124500620011425000100017626000390018630000220022550400050024765000070025299900170025921272/7720130515015647.0111112s9999 xx 000 0 und d a0 901822 29 900a690. 24 ins1 a"0, . "10amaintenance management:a guide to good practice:b/c ..  a1 ed. auk :binstitute of buildingc1975. a", 53p.;c29 cm." a 0ax c53815d53815